000 00736nam a22002417a 4500
008
020 _a0333565088 (pbk).
049 _aMAIN
090 _aTJ211
_bCUM.
100 1 _aCumbers, David.
245 1 0 _aRobot technology workbook /
_cDavid Cumbers and Peter Riley.
260 _aBasingstoke :
_bMacmillan ,
_c1993.
300 _avi, 34 p. :
_bill. ;
_c30 cm.
440 0 _aCity and Guilds/Macmillan publishing for CAE series.
650 0 _aRobots, Industrial.
650 0 _aIndustrial robots.
710 2 _aCity and Guilds of London Institute.
907 _a.b1006994x
_b15-11-13
_c17-04-03
003
005 20230123134030.0
040 _cNUST
942 _cBOOKS
_kTJ211
_mCUM.
999 _c158857
_d158857